| 000 | 01554nam1a2200301 i 4500 | ||
|---|---|---|---|
| 001 | RU\NLR\bibl\1364040 | ||
| 005 | 20241102050353.0 | ||
| 035 | _a(NLR Aleph) 001356200 | ||
| 090 |
_a952246 _c952246 |
||
| 100 | _a20090504g20089999k y0rusy50 ca | ||
| 101 | 0 | _arus | |
| 102 | _aRU | ||
| 105 | _ay ||||||||| | ||
| 200 | 1 |
_aНаука и молодежь: новые идеи и решения _eматериалы II Международной научно-практической конференции молодых исследователей, Волгоград, 14-16 мая 2008 г. _e[в 2 ч.] |
|
| 210 |
_aВолгоград _cНива _d2008 |
||
| 215 | _d20 | ||
| 300 | _aВ надзаг.: М-во сел. хоз-ва РФ, Деп. науч.-технол. политики и образования, Ком. по делам молодежи Волгогр. обл., ФГОУ ВПО Волгогр. гос. с.-х. акад. | ||
| 463 | 0 | _10011310929 | |
| 463 | 0 | _10011303194 | |
| 606 |
_aСельское хозяйство _jСъезды, совещания и т.п. _xНаучно-исследовательская работа _91216131 _3RU\NLR\auth\66175949 |
||
| 607 |
_aНаучные конференции _jСборники _yВолгоград, город _92551844 _3RU\NLR\auth\661509951 |
||
| 686 | _aЯ431(2Р-4Во-2В) | ||
| 686 | _aП.е я431 | ||
| 801 | 0 |
_aRU _bNLR _c20090504 _gRCR |
|
| 801 | 1 |
_aRU _bNLR _c20090504 |
|
| 852 |
_aNLR _j2008-3/35915 |
||
| 942 | _cBOOK | ||